Statistiken für Die Erzfeinde und Rivalen Von Videospiel Hauptcharakteren

Klicken Sie hier um das Quiz zu spielen!

Allgemein

  • Dieses Quiz wurde 2.445 mal gespielt
  • Das Durchschnittsergebnis liegt bei 6 aus 24

Antwortstatistiken

HeldRivaleErzfeind% Korrekt
MarioBowser
98%
Wario
85%
Waluigi
82%
SonicDr. Eggman
58%
Link-Ganondorf
49%
Shadow the Hedgehog
39%
KirbyKönig Dedede
25%
Donkey Kong-King K. Rool
21%
Meta-Knight
21%
LuigiKönig Buu Huu
17%
SamusRidley
16%
Wolf O'Donnell
16%
Kamek
14%
Simon Belmont-Dracula
12%
YoshiBaby Bowser
11%
Dunkle Samus
9%
Crash Bandicoot-Dr. Neo Cortex
8%
Mega ManDr. Wily
4%
Banjo & Kazooie-Gruntilda
4%
PitMedusa und Hades
4%
Finsterer Pit
3%
FoxAndross
2%
Proto Man
2%
Shulk-Eisengesicht
1%

Verteilung der Resultate

Perzentil nach korrekt beantworteten Fragen

Anzahl Personen mit jedem Resultat

Ihre Resultats-Entwicklung

Sie haben dieses Quiz noch nicht gespielt